00869nam a2200193 a 4500008004100000020001800041050001500059100002000074245006200094260005700156300002300213350001100236500003600247650002900283650003600312995017600348999001700524952013400541170314s2013 ||||||||||||||||| || u a9789350258668 aRD 686 Mac aMcCann, Peter D10aVideo atlas of shoulder surgerycEdited By Peter D McCann aNew Delhi:bJaypee Brothers Medical publishersc2013 axxiii, 228p.: ill. a660.00 aIncludes 8 interactive DVD-ROMs aJOINTS--SURGERY--ATLASES aJOINT DISEASE--SURGERY--ATLASES aMEDICAL LIBRARY OPEN ACCESSe903657FCBU-SCHOOL OF MEDICINE LIBRARY (Ndola)I660.00jRD 686 MacM1UAVAILABLEWMar 16, 2017y903657ZMedical Library Open Access Collection c32976d32976 00102lcc4070a002b002cMedical Library Open Access Collectiond2022-11-30l0oRD 686 Macp903657r2022-11-30w2022-11-30y002